Global Airlines : competition in a transnational industry
| Main Author: | |
|---|---|
| Format: | Book |
| Published: |
Oxford :
Butterworth-Heinemann Ltd. ,
1996
|
| Subjects: |
MARC
| LEADER | 00000cam a2200000 7i4500 | ||
|---|---|---|---|
| 001 | 0000009723 | ||
| 002 | 000010588 | ||
| 005 | 20011120.0 | ||
| 020 | |a 0750619279 | ||
| 090 | 0 | 0 | |a 387.71 |b HAN |
| 100 | 0 | |a Hanlon, Pat | |
| 245 | 1 | 0 | |a Global Airlines : |b competition in a transnational industry |c Pat Hanlon |
| 260 | |a Oxford : |b Butterworth-Heinemann Ltd. , |c 1996 | ||
| 300 | |a 247p. ; |c 24cm. | ||
| 650 | 0 | 0 | |a Airlines |
| 650 | 0 | 0 | |a Transportation |
| 999 | |a 054373 |b BUKU |c PINJAMAN |e PERPUSTAKAAN KOMUNITI PETALING JAYA | ||